000 00847nas a2200253 4500
001 BR0203282
003 BR-BrBNA
005 20231205103052.0
007 ta
008 230509b bl.|||p| |||| 00| 00por d
040 _aBR-BrBNA
_bpor
_cBiblioteca Nacional de Agricultura
041 _a(Pt)
072 _aH10
100 1 _aBaldin, E.L.L.
100 1 _aLara, F.M.
245 1 _aAtratividade e preferência alimentar de adultos de Epicauta atomaria (Germ., 1821)(Col: Meloidae)em maracujazeiros (Passiflora spp.), sob condições de laboratório
650 _aMARACUJÁ
650 _aINSETO
650 _aBURRINHO
650 _aVARIEDADE RESISTENTE
773 0 _tRevista Brasileira de Fruticultura (Brazil)
_xISSN 0100-2945
_g(Apr 2002), v. 24(1) p. 68-71
_wBR0203282
909 _a202311
_bLúcia
_c55
_dLúcia Elande
942 _2AGRIS
_n0
_cANA
999 _c170882
_d170882